Complete the Card - NXT Halloween Havoc 2022 - Statistics

General Stats
  • This quiz has been taken 41 times
  • The average score is 13 of 16
Answer Stats
Hint Answer % Correct
NXT Championship Triple Threat Match Bron Breakker
100%
NXT North American Championship Ladder Match Carmelo Hayes
100%
NXT North American Championship Ladder Match Wes Lee
97%
NXT Women's Championship Match Mandy Rose
94%
Spin the Wheel, Make the Deal: Weapons Wild Match Roxanne Perez
90%
Spin the Wheel, Make the Deal: Casket Match Apollo Crews
84%
Spin the Wheel, Make the Deal: Weapons Wild Match Cora Jade
84%
Spin the Wheel, Make the Deal: Casket Match Grayson Waller
81%
NXT North American Championship Ladder Match Von Wagner
81%
NXT Championship Triple Threat Match Ilja Dragunov
77%
Ambulance Match Julius Creed
77%
NXT Women's Championship Match Alba Fyre
74%
Ambulance Match Damon Kemp
74%
NXT Championship Triple Threat Match JD McDonagh
68%
NXT North American Championship Ladder Match Nathan Frazer
68%
NXT North American Championship Ladder Match Oro Mensah
65%
No matching quizzes found
Score Distribution
Percent of People with Each Score
Percentile by Number Answered
Your Score History
You have not taken this quiz